| 000 | 00473nam a2200193Ia 4500 | ||
|---|---|---|---|
| 005 | 20250423100425.0 | ||
| 008 | 250422s9999 xx 000 0 und d | ||
| 020 | _a9780273765295 ; 0273765299 | ||
| 050 | _aHD 58.7 .R62/ | ||
| 100 | _aRobbins, Stephen P. | ||
| 245 | 0 | _aOrganizational behavior | |
| 250 | _a15th ed., Global ed. | ||
| 260 | _aBoston | ||
| 260 | _bPearson | ||
| 260 | _c2013 | ||
| 300 | _a710 p | ||
| 650 | _aOrganizational behavior | ||
| 942 | _cBK | ||
| 999 |
_c33260 _d33260 |
||